000 01333nam a2200241Ia 4500
003 Ost
005 20260507075343.0
008 260507s9999||||xx |||||||||||||| ||und||
020 _a82294229779
040 _cfsecg
041 _aara
082 _a330
100 _aحماد، طارق عبد العال
_eمؤلف
245 0 _aإدارة السيولة في الشركات والمصارف :
_bقياس وضبط السيولة /
_c طارق عبد العال حماد
260 _aالإسكندرية:
_bالدار الجامعية,
_c2012
300 _a547 صفحة؛
_bإيضاحات ؛
_c24 سم
520 _aمفهوم السيولة وأهميتها- قياس السيولة والإدارة الفعالة لرأس المال العامل- تحليل النسب والمؤشرات المالية- تحليل التدفقات النقدية- إدارة المخزون-سياسات الإستثمار والإقتراض- وسائل الإقتراض القصير- استراتيجيات الإدارة النقدية- أساليب الإدارة النقدية-فجوة السيولة في المصارف- هيكل آجال أسعار الفائدة
653 _aالإدارة المالية
653 _aالبنوك
653 _aالسيولة النقدية
653 _aالشركات
942 _cكتاب
999 _c44100
_d44100